000 00952cam a22002893a 4500
001 8810
003 PGUSA
005 20140828083205.0
008 050901s2005||||xxu|||||s|||||000 1 eng d
040 _aPGUSA
_beng
042 _adc
050 4 _aPS
100 1 _aWallace, Lew,
_d1827-1905
245 1 0 _aBen-Hur; a tale of the Christ
_h[electronic resource] /
_cLew Wallace
260 _bProject Gutenberg,
_c2005
506 _aCopyrighted. Read the copyright notice inside this book for details.
516 _aElectronic text
653 _aJesus Christ -- Fiction
653 _aTiberius, Emperor of Rome 42 B.C.-37 A.D. -- Fiction
653 _aHistorical fiction
653 _aBible. New Testament -- History of Biblical events -- Fiction
653 _aChristian fiction
653 _aRome -- History -- Tiberius, 14-37 -- Fiction
830 0 _aProject Gutenberg
_v8810
856 4 0 _uhttp://www.gutenberg.org/ebooks/8810
942 _cAB
999 _c238095
_d238095